| 000 | 00813cam a22002773a 4500 | ||
|---|---|---|---|
| 001 | 28371 | ||
| 003 | PGUSA | ||
| 005 | 20140828083619.0 | ||
| 008 | 090320s2009||||xxu|||||s|||||000 | eng d | ||
| 040 |
_aPGUSA _beng |
||
| 042 | _adc | ||
| 050 | 4 | _aPR | |
| 050 | 4 | _aPZ | |
| 100 | 1 |
_aCarroll, Lewis, _d1832-1898 |
|
| 245 | 1 | 0 |
_aLe avventure d'Alice nel paese delle meraviglie _h[electronic resource] / _cLewis Carroll |
| 260 |
_bProject Gutenberg, _c2009 |
||
| 506 | _aPublic domain in the USA. | ||
| 516 | _aElectronic text | ||
| 653 | _aFantasy | ||
| 700 | 1 |
_aPietrocòla-Rossetti, T. _q(Teodorico) |
|
| 700 | 1 |
_aTenniel, John, _d1820-1914 |
|
| 740 | 0 | _aAlice's adventures in Wonderland. Italian | |
| 830 | 0 |
_aProject Gutenberg _v28371 |
|
| 856 | 4 | 0 | _uhttp://www.gutenberg.org/ebooks/28371 |
| 942 | _cEB | ||
| 999 |
_c257626 _d257626 |
||